000 01080nam a22002297a 4500
999 _c21712
_d21712
003 AR-CdUCM
008 190425b ||||| |||| 00| 0 spa d
040 _aMUNICIPALIDAD PROVINCIAL DEL CUSCO
_cBIBLIOTECA MUNICIPAL DEL CUSCO
082 _aRev.Univ/N°53/1926
_bRev.Univ/N°53/1926
_24° trimestre 1926
110 _aUniversidad Nacional de San Antonio Abad del Cusco
_915942
245 _aRevista Universitaria :
_bÓrgano de la Universidad del Cuzco /
260 _aCusco :
_bH. G. Rozas,
_c1926.
300 _a32 páginas. :
_c20 cm.
440 _aRevista Universitaria
_nAño XI, 4° trimestre 1926, N°53
_945832
505 _aContenido: Civilización de la Costa peruana. Rafael Larco Herrera. -- Por la conservación de monumentos incaicos el templo de Wirakocha. Luis E. Valcárcel. -- Pisac y Ollantaytambo. José Gabriel Cosio.
650 _aCultura peruana
_91637
650 _aÉpoca prehispánica
_92714
650 _aConservación de monumentos
_945833
710 _aUniversidad Nacional de San Antonio Abad del Cusco
_915942
942 _2ddc
_cPP
945 _arac